00675nam a2200169 i 4500001000700000003000900007005001700016007000300033008004100036100004400077245010000121260008200221300002000303500006900323710007800392852003500470100014ES-MaACL20250915063040.0t|050921s1981 ck ||||1| spa d1 aMartínez Val, José María, d1916-10aDelito de secuestro e intervención profesional del abogado / cJosé María Martínez Val. aAntioquía (Colombia) : bFacultad de Derecho y Ciencias Políticas,c1981. a7 h. ; c24 cm. aSeparata de : Estudios de derecho, A XLII, v. 40, 1981, Nº 100.2 aUniversidad de Antioquía. bFacultad de Derecho y Ciencias Políticas. aES-MaACLj2142-F-12 bR.114695